Statistics for Oscar Winners of 2000s

Click here to take the quiz!

General Stats

  • This quiz has been taken 342 times
    (340 since last reset)
  • The average score is 16 of 20

Answer Stats

AwardYearFilmAnswer% Correct
Leading Actor2000GladiatorRussell Crowe
93%
Leading Actress2009The Blind SideSandra Bullock
93%
Leading Actor2004RayJamie Foxx
90%
Leading Actress2000Erin BrockovichJulia Roberts
90%
Leading Actor2001Training DayDenzel Washington
89%
Leading Actor2008MilkSean Penn
89%
Leading Actor2003Mystic RiverSean Penn
89%
Leading Actress2004Million Dollar BabyHilary Swank
85%
Leading Actress2001Monster's BallHalle Berry
84%
Leading Actress2003MonsterCharlize Theron
83%
Leading Actor2007There Will Be BloodDaniel Day-Lewis
83%
Leading Actor2002The PianistAdrien Brody
81%
Leading Actress2006The QueenHelen Mirren
81%
Leading Actor2005CapotePhilip Seymour Hoffman
79%
Leading Actor2006The Last King of ScotlandForest Whitaker
78%
Leading Actress2008The ReaderKate Winslet
74%
Leading Actress2005Walk the LineReese Witherspoon
74%
Leading Actor2009Crazy HeartJeff Bridges
73%
Leading Actress2007La Vie En RoseMarion Cotillard
66%
Leading Actress2002The HoursNicole Kidman
66%

Score Distribution

Percentile by Number Answered

Percent of People with Each Score

Your Score History

You have not taken this quiz since the last reset